UITU Library & LRC     

Production and Shipment Management System Over Centralized Database (Record no. 31715)

MARC details
000 -LEADER
fixed length control field 00505nam a2200133Ia 4500
008 - FIXED-LENGTH DATA ELEMENTS--GENERAL INFORMATION
fixed length control field 260210s9999 xx 000 0 und d
024 ## - OTHER STANDARD IDENTIFIER
Standard number or code 01B-05-BCS3Y, 01B-09-BCS3Y, 01B-24-BCS3Y & 01B-26-BCS3Y
082 ## - DEWEY DECIMAL CLASSIFICATION NUMBER
Classification number 005.072 FUR
100 ## - MAIN ENTRY--PERSONAL NAME
Personal name Furqan Tariq Babar, Humayun Sami, Talha Ahmed & Mohammad Farhan
245 #0 - TITLE STATEMENT
Title Production and Shipment Management System Over Centralized Database
260 ## - PUBLICATION, DISTRIBUTION, ETC.
Place of publication, distribution, etc. Karachi:
Name of publisher, distributor, etc. UITU,
Date of publication, distribution, etc. 2001
600 ## - SUBJECT ADDED ENTRY--PERSONAL NAME
Personal name Computer Science
650 ## - SUBJECT ADDED ENTRY--TOPICAL TERM
Topical term or geographic name entry element Bachelor of Computer Science (BS)

No items available.

Powered by Koha